000 00330nam a2200133 i 4500
001 bg
100 1 _aRÓŻAŃSKI, Stanisław
245 0 _aOsadnictwo a środowisko Polski /
_cStanisław Różański.
260 _aWarszawa,
_c1979.
040 _cBPK
041 _apol
942 _cKS
008 s pl f |000 0 pol
999 _c18938
_d18938
856 _uhttp://koha.tu.koszalin.pl/cgi-bin/koha/opac-detail.pl?biblionumber=18938
_yKatalog online BPK